| 000 | 00370nam a2200145 a 4500 | ||
|---|---|---|---|
| 001 | 4054 | ||
| 005 | 20140414131921.0 | ||
| 008 | 081212s19uu xx 00 eng d | ||
| 020 | _a0-7097-0502-6 | ||
| 050 |
_aER _bN56 1994 |
||
| 245 | _aThe Night before christmas. | ||
| 260 |
_aLondon : _bGrandreams, _cc1994. |
||
| 300 | _a1v. (unpaged) : col., ill. | ||
| 999 |
_c111769 _d111769 |
||